| 000 | 00550nam a2200157Ia 4500 | ||
|---|---|---|---|
| 008 | 170221s9999 xx 000 0 und d | ||
| 100 | _aMiaomiao Song | ||
| 245 | _aProbabilistic-Constrained Simultaneous Wireless Information and Power Transfer for Multiple-Relay Networks | ||
| 245 | _cMiaomiao Song, Meng Zhang, Li Li, and Hanwen Luo | ||
| 260 | _bJournal of Communications | ||
| 260 | _c2012 | ||
| 300 | _a1 : | ||
| 650 | _xCommunication | ||
| 650 | _xMedia Arts | ||
| 856 | _uhttp://www.jocm.us/index.php?m=content&c=index&a=lists&catid=148 | ||
| 999 |
_c308985 _d308985 |
||